| Поле | Инд. | ПП | Название | Значение |
|---|---|---|---|---|
| Тип записи | a | |||
| Библиографический уровень | m | |||
| 001 | Контрольный номер | dbb87251-7e72-4e82-9f6f-dad7a1f027b6 | ||
| 005 | Дата корректировки | 20160119085506.8 | ||
| 008 | Кодируемые данные | 070614 | ||
| 020 | a | ISBN | 978-5-9667-0323-3 | |
| 040 | a | Служба первич. каталог. | НБ ТвГУ | |
| 041 | 0_ | a | Код языка текста | rus |
| 080 | a | Индекс УДК | 373.04 | |
| 084 | a | Индекс другой классификации/Индекс ББК | Ч420.044 | |
| 090 | x | Авторский знак | К28 | |
| a | Полочн. индекс | Ч420.0 | ||
| 100 | 1_ | a | Автор | Касицина Наталья Викторовна |
| q | Полное имя | Наталья Касицина | ||
| 245 | 10 | a | Заглавие | Как разбудить собственную активность ученика |
| b | Продолж. заглавия | педагогика поддержки: тактика помощи | ||
| 260 | 0_ | a | Место издания | Москва |
| b | Издательство | Чистые пруды | ||
| c | Дата издания | 2007 | ||
| 300 | a | Объем | 31 с. | |
| 440 | _0 | a | Серия | Библиотечка "Первого сентября" |
| 440 | _0 | a | Серия | Воспитание. Образование. Педагогика |
| v | N тома | вып. 3 (9) | ||
| 504 | a | Библиография | Библиогр.: с. 31. | |
| 583 | a | Действие | Получение впервые 136 08.06.2007 | |
| k | Исполнитель действия | Дар ООО "Чистые пруды" | ||
| 583 | a | Действие | Приписка 279 01.11.2007 | |
| k | Исполнитель действия | Дар педагогического факультета ТвГУ | ||
| 650 | 04 | a | Основная рубрика | Педагогика школы |
| 650 | 04 | a | Основная рубрика | Поддержка педагогическая |
| 653 | 0_ | a | Ключевые слова | Педагогика школы |
| a | Ключевые слова | Педагогика поддержки | ||
| a | Ключевые слова | Тактика помощи | ||
| a | Ключевые слова | Активность ученика | ||
| 700 | 1_ | a | Другие авторы | Михайлова Нина Николаевна |
| q | Полное имя | Нина Михайлова | ||
| 700 | 1_ | a | Другие авторы | Юсфин Семен Михайлович |
| q | Полное имя | Семен Юсфин | ||
| 852 | 41 | t | Порядковый номер экземпляра | 1 |
| p | Инвентарный номер | 877034 | ||
| 852 | 41 | t | Порядковый номер экземпляра | 1 |
| p | Инвентарный номер | 877035 | ||
| 852 | 41 | t | Порядковый номер экземпляра | 2 |
| p | Инвентарный номер | 877036 | ||
| p | Инвентарный номер | 887505 | ||
| 863 | t | 00175786 | ||
| 863 | t | 00175785 | ||
| 863 | t | 00175784 | ||
| 863 | t | 00176500 | ||
| 888 | a | Бесплатные | ||
| 901 | t | Тип документа | m | |
| 920 | a | Оператор | Поля | |
| a | Оператор | Стро | ||
| 930 | a | Новая/Ретро | новая | |
| 952 | p | 136.2007 25.00 1 877034 | ||
| p | 136.2007 25.00 1 877035 | |||
| p | 136.2007 25.00 1 877036 | |||
| p | 279.2007 25.00 1 887505 | |||
| c | Вид литературы | К ру | ||
| 954 | a | Дата поступления на обработку | 20070926 | |
| b | Дата поступления в ОК | 20151221 | ||
| c | Дата окончания ОНО | 20160118 | ||
| 999 | a | Подразделение 2 | ч.з. | |
| a | Подразделение 2 | аб. | ||
| a | Подразделение 2 | Фил2 |